ბათუმის შოთა რუსთაველის სახელმწიფო უნივერსიტეტის ბიბლიოთეკა

ნასესხები სიცოცხლე. (ბიბ.ჩანაწერი № 35811)

000 -LEADER
fixed length control field 00672nam a2200205Ia 4500
001 - CONTROL NUMBER
control field 1700
003 - CONTROL NUMBER IDENTIFIER
control field GE_BSU
008 - FIXED-LENGTH DATA ELEMENTS--GENERAL INFORMATION
fixed length control field 181216s||||||||xx |||||||||||||| ||und||
010 ## - LIBRARY OF CONGRESS CONTROL NUMBER
LC control number ნასესხები სიცოცხლე
040 ## - CATALOGING SOURCE
Transcribing agency GE_BSU
100 ## - MAIN ENTRY--PERSONAL NAME
Personal name რემარკი,ერიხ მარია
245 ## - TITLE STATEMENT
Title ნასესხები სიცოცხლე.
245 ## - TITLE STATEMENT
Statement of responsibility, etc. გერმანულიდან თარგმ.გივი ბახტაძემ
260 ## - PUBLICATION, DISTRIBUTION, ETC.
Place of publication, distribution, etc. ბათუმი
260 ## - PUBLICATION, DISTRIBUTION, ETC.
Name of publisher, distributor, etc. საბჭოთა აჭარა
260 ## - PUBLICATION, DISTRIBUTION, ETC.
Date of publication, distribution, etc. 1977
300 ## - PHYSICAL DESCRIPTION
Extent 268 გვ. 21 სმ.
942 ## - ADDED ENTRY ELEMENTS (KOHA)
Koha item type წიგნი
ეგზემპლარები
Withdrawn status Lost status Damaged status Not for loan Date acquired Barcode Date last seen Price effective from Koha item type Public note
        2018-12-17 3587 2018-12-17 2018-12-17 წიგნი დარბაზი